[Event "Sydney op-B"]
[Site "Parramatta"]
[Date "2013.04.06"]
[Round "8"]
[White "Wilkie, Mary"]
[Black "Childs, Stephen"]
[Result "1-0"]
[WhiteElo "1300"]
[BlackElo "1283"]
[PlyCount "99"]
[EventDate "2013.04.03"]
[EventType "swiss"]
[EventRounds "9"]
[EventCountry "AUS"]
[SourceTitle "EXT 2023"]
[Source "ChessBase"]
[SourceDate "2022.10.05"]
[SourceVersion "1"]
[SourceVersionDate "2022.10.05"]
[SourceQuality "1"]

1. e4 d6 2. Nc3 Nf6 3. d4 g6 4. Bg5 Bg7 5. Nf3 0-0 6. Bd3 c5 7. d5 h6 8. Be3 e6 9. Qd2 Kh7 10. 0-0-0 a6 11. h3 b5 12. a3 Qb6 13. g4 Ng8 14. Na2 exd5 15. exd5 a5 16. c3 Qb7 17. Be4 Nd7 18. Qc2 Nb6 19. b3 Bd7 20. Bf4 Qb8 21. Nh2 Rc8 22. h4 Kh8 23. f3 a4 24. c4 axb3 25. Qxb3 Nxc4 26. Rd3 Rxa3 27. Qb1 Qa7 28. Rxa3 Qxa3+ 29. Kd1 Ra8 30. Nc1 Qa1 31. Nf1 Qd4+ 32. Nd2 Nxd2 33. Bxd2 Ra1 34. Qc2 c4 35. Ke2 Qa7 36. Re1 Nf6 37. Bc3 Nxe4 38. Bxg7+ Kxg7 39. Qxe4 Ra3 40. Kf1 c3 41. Kg2 Qa4 42. Qe7 b4 43. Qxd6 b3 44. Qe5+ Kh7 45. Qxc3 Qb5 46. Qb2 Ra5 47. Re3 Qxd5 48. Rxb3 Be6 49. Rb8 Ra8 50. Qh8# 1-0

[Event "Sydney op-B"]
[Site "Parramatta"]
[Date "2013.04.05"]
[Round "5"]
[White "Childs, Stephen"]
[Black "Beahan, Patrick"]
[Result "1/2-1/2"]
[WhiteElo "1283"]
[BlackElo "1548"]
[PlyCount "56"]
[EventDate "2013.04.03"]
[EventType "swiss"]
[EventRounds "9"]
[EventCountry "AUS"]
[SourceTitle "EXT 2023"]
[Source "ChessBase"]
[SourceDate "2022.10.05"]
[SourceVersion "1"]
[SourceVersionDate "2022.10.05"]
[SourceQuality "1"]

1. d4 d5 2. c4 e5 3. dxe5 d4 4. Nf3 Nc6 5. a3 a5 6. h3 Nge7 7. e3 dxe3 8. Qxd8+ Nxd8 9. Bxe3 Ndc6 10. Bd4 Ng6 11. Bc3 Be6 12. Nbd2 Be7 13. g3 0-0 14. Bg2 Rfd8 15. Rd1 a4 16. 0-0 Rd7 17. Rfe1 Rad8 18. Kh2 h6 19. Bf1 h5 20. Be2 h4 21. Ne4 Rxd1 22. Rxd1 Rxd1 23. Bxd1 Bxc4 24. Bxa4 b5 25. Bd1 Bd5 26. Bc2 hxg3+ 27. fxg3 b4 28. axb4 Bxb4 1/2-1/2

[Event "Sydney op-B"]
[Site "Parramatta"]
[Date "2010.04.11"]
[Round "9"]
[White "Christian, Kashish"]
[Black "Childs, Stephen"]
[Result "0-1"]
[WhiteElo "654"]
[BlackElo "1132"]
[PlyCount "94"]
[EventDate "2010.04.07"]
[EventType "swiss"]
[EventRounds "9"]
[EventCountry "AUS"]
[SourceTitle "EXT 2012"]
[Source "ChessBase"]
[SourceDate "2011.11.24"]
[SourceVersion "1"]
[SourceVersionDate "2011.11.24"]
[SourceQuality "1"]

1. d4 Nf6 2. Nc3 d5 3. Nf3 e6 4. e3 c5 5. b3 Nc6 6. Bb2 a6 7. a4 cxd4 8. exd4 Bb4 9. Be2 Ne4 10. Qd3 Qa5 11. 0-0 Bxc3 12. Bxc3 Qxc3 13. Qd1 Qa5 14. Bd3 Nb4 15. Qe1 f5 16. Ne5 Qb6 17. f3 Nxd3 18. Nxd3 Nf6 19. Nc5 0-0 20. a5 Qd6 21. b4 Re8 22. f4 Ne4 23. Qe2 Nxc5 24. bxc5 Qe7 25. Rfe1 Bd7 26. c4 dxc4 27. Qxc4 Bb5 28. Qc3 Qf6 29. Rad1 Rad8 30. Rd2 Rd7 31. Red1 Ba4 32. Ra1 Bb5 33. Rad1 Red8 34. Qb4 Bc6 35. Qc4 Qg6 36. g3 Qf7 37. Re1 Be4 38. Kf2 e5 39. Qc3 Rxd4 40. Rxd4 exd4 41. Qd2 d3 42. Rd1 Qd5 43. Rc1 Qd4+ 44. Kf1 Rc8 45. Qf2 Qxf2+ 46. Kxf2 Rd8 47. Ke1 d2+ 0-1